skbl

Dr Suryya Kumar Bhuyan Library Web-OPAC
ডঃ সূৰ্য্য
কুমাৰ ভূঞা পুথিভঁৰাল ৱেব-অ'পেক

All Research Scholars are advised to clear the annual library fees to continue using Library Resources, Remote Access, Plagiarism Test and Library Clearance.

Cotton University Book Fair 2026

Flood hazards in Assam and impact of flood on human occupnace: a case study in Sadiya Region, Assam (Record no. 62829)

MARC details
000 -LEADER
fixed length control field 00551nam a2200169Ia 4500
001 - CONTROL NUMBER
control field 61720
008 - FIXED-LENGTH DATA ELEMENTS--GENERAL INFORMATION
fixed length control field 170325n ii |||gr||||Z||||||465
082 ## - DEWEY DECIMAL CLASSIFICATION NUMBER
Classification number 36
100 ## - MAIN ENTRY--PERSONAL NAME
Personal name Gogoi, Bhuban,
Relator term Author.,
245 #0 - TITLE STATEMENT
Title Flood hazards in Assam and impact of flood on human occupnace: a case study in Sadiya Region, Assam
Statement of responsibility, etc. by Bhuban Gogoi
Medium Textual Documents
260 ## - PUBLICATION, DISTRIBUTION, ETC.
Place of publication, distribution, etc. Dibrugarh:
Name of publisher, distributor, etc. Kaustabh Prakashan.
300 ## - PHYSICAL DESCRIPTION
Extent 288p:
Dimensions 21cm.
653 ## - INDEX TERM--UNCONTROLLED
Uncontrolled term Sociology
653 ## - INDEX TERM--UNCONTROLLED
Uncontrolled term Flood, Natural disaster, Natural calamities
653 ## - INDEX TERM--UNCONTROLLED
Uncontrolled term G-Sociology
942 ## - ADDED ENTRY ELEMENTS (KOHA)
Source of classification or shelving scheme Dewey Decimal Classification
Koha item type Books
Holdings
Withdrawn status Lost status Damaged status Not for loan Collection Home library Current library Shelving location Date acquired Coded location qualifier Total checkouts Full call number Barcode Date last seen Copy number Price effective from Koha item type Total renewals Date last checked out
          Dr. Suryya Kumar Bhuyan Library Dr. Suryya Kumar Bhuyan Library   25/03/2017 00000   362.3493 Go 558 Fl 1892/El 14/01/2024 1 25/03/2017 Books    
          Dr. Suryya Kumar Bhuyan Library Dr. Suryya Kumar Bhuyan Library   25/03/2017 00000 1 362.3493 Go 558 Fl 1891/El 30/03/2026 2 25/03/2017 Books 1 04/03/2025

Designed and Maintained by Team SKBL
©1901-2026

Powered by Koha